[Event "Olympiad-44"]
[Site "Chennai"]
[Date "2022.08.07"]
[Round "9.4"]
[White "Diop, Wara"]
[Black "Ndahangwapo, Heskiel"]
[Result "0-1"]
[WhiteElo "1636"]
[BlackElo "1904"]
[PlyCount "50"]
[EventDate "2022.07.29"]
[EventType "team-swiss"]
[EventRounds "11"]
[EventCountry "IND"]
[SourceTitle "CBM 210"]
[Source "ChessBase"]
[SourceDate "2022.10.31"]
[SourceVersion "1"]
[SourceVersionDate "2022.10.31"]
[SourceQuality "1"]
[WhiteTeam "Senegal"]
[BlackTeam "Namibia"]
[WhiteTeamCountry "SEN"]
[BlackTeamCountry "NAM"]

1. e4 c5 2. Nf3 d6 3. Bc4 e6 4. c3 Nf6 5. e5 dxe5 6. Nxe5 Be7 7. 0-0 0-0 8. d4 cxd4 9. Qxd4 Qc7 10. Bf4 Bd6 11. Na3 a6 12. Bb3 b5 13. Rad1 Bc5 14. Qd3 Nh5 15. Bc2 f5 16. Qf3 Nxf4 17. Qxf4 Bd6 18. Rfe1 Nc6 19. Qf3 Nxe5 20. Rxe5 Bxe5 21. Qxa8 Bb7 22. Nxb5 Qc6 23. Qxf8+ Kxf8 24. f3 Qxb5 25. Bb3 Qe2 0-1

[Event "Olympiad-44"]
[Site "Chennai"]
[Date "2022.08.06"]
[Round "8.4"]
[White "Ndahangwapo, Heskiel"]
[Black "Meddeb, Anis"]
[Result "0-1"]
[WhiteElo "1904"]
[BlackElo "2121"]
[PlyCount "84"]
[EventDate "2022.07.29"]
[EventType "team-swiss"]
[EventRounds "11"]
[EventCountry "IND"]
[SourceTitle "CBM 210"]
[Source "ChessBase"]
[SourceDate "2022.10.31"]
[SourceVersion "1"]
[SourceVersionDate "2022.10.31"]
[SourceQuality "1"]
[WhiteTeam "Namibia"]
[BlackTeam "Tunisia"]
[WhiteTeamCountry "NAM"]
[BlackTeamCountry "TUN"]

1. d4 d5 2. c4 e6 3. Nf3 Nf6 4. g3 c6 5. Bg2 Bd6 6. 0-0 0-0 7. Qc2 Nbd7 8. Nbd2 Re8 9. Rd1 Qe7 10. e4 dxe4 11. Nxe4 Nxe4 12. Qxe4 c5 13. Bg5 f6 14. Be3 Rb8 15. d5 e5 16. a4 b6 17. Bh3 Nf8 18. Bxc8 Rexc8 19. h4 Qd7 20. Bd2 Ng6 21. h5 Ne7 22. Kg2 Qf5 23. Qh4 a6 24. g4 Qd7 25. g5 Nf5 26. Qh3 e4 27. Nh2 Bxh2 28. Qxh2 fxg5 29. Bxg5 Rf8 30. Ra3 e3 31. Bxe3 Nxe3+ 32. Rxe3 Qg4+ 33. Qg3 Qxd1 34. h6 Rb7 35. d6 Rbf7 36. Re7 Rxf2+ 37. Qxf2 Rxf2+ 38. Kxf2 Qxd6 39. Rxg7+ Kf8 40. Ra7 Qf4+ 41. Kg1 Qxc4 42. Rxh7 Qc1+ 0-1

[Event "Olympiad-44"]
[Site "Chennai"]
[Date "2022.08.01"]
[Round "4.4"]
[White "Al Subaihi, Khalil"]
[Black "Ndahangwapo, Heskiel"]
[Result "1-0"]
[WhiteElo "2141"]
[BlackElo "1904"]
[PlyCount "85"]
[EventDate "2022.07.29"]
[EventType "team-swiss"]
[EventRounds "11"]
[EventCountry "IND"]
[SourceTitle "CBM 210"]
[Source "ChessBase"]
[SourceDate "2022.10.31"]
[SourceVersion "1"]
[SourceVersionDate "2022.10.31"]
[SourceQuality "1"]
[WhiteTeam "Yemen"]
[BlackTeam "Namibia"]
[WhiteTeamCountry "YEM"]
[BlackTeamCountry "NAM"]

1. e4 c5 2. Nf3 d6 3. d4 cxd4 4. Nxd4 Nf6 5. Nc3 a6 6. Bc4 g6 7. Bb3 Bg7 8. f3 Qc7 9. Be3 b5 10. Qd2 Bb7 11. 0-0-0 Nbd7 12. g4 Nc5 13. Kb1 0-0 14. Bh6 b4 15. Nd5 Bxd5 16. Bxd5 Nxd5 17. exd5 Rab8 18. Bxg7 Kxg7 19. h4 Kh8 20. h5 Rg8 21. hxg6 Rxg6 22. Rh3 e5 23. Rdh1 f5 24. Rxh7+ Qxh7 25. Rxh7+ Kxh7 26. Nxf5 Rh8 27. Qxb4 Rf8 28. a3 Rf7 29. Nxd6 Rxd6 30. Qxc5 Rfd7 31. c4 Kg6 32. Qe3 Re7 33. Qe4+ Kf7 34. c5 Rf6 35. d6 Ree6 36. Qb7+ Kg6 37. d7 Re7 38. Qc8 Rxd7 39. Qxd7 Rxf3 40. Qe6+ Rf6 41. Qxe5 Rf1+ 42. Ka2 Rf6 43. c6 1-0

[Event "Online Olym Div4 B"]
[Site "Chess.com INT"]
[Date "2020.08.01"]
[Round "5.1"]
[White "Abdulla Mohammed, Al Homaid"]
[Black "Ndahangwapo, Heskiel"]
[Result "0-1"]
[WhiteElo "1301"]
[BlackElo "1883"]
[PlyCount "48"]
[EventDate "2020.07.31"]
[EventType "team-tourn (rapid)"]
[EventRounds "9"]
[EventCountry "USA"]
[SourceTitle "CBM 198"]
[Source "ChessBase"]
[SourceDate "2020.10.31"]
[SourceVersion "1"]
[SourceVersionDate "2020.10.31"]
[SourceQuality "1"]
[WhiteTeam "Qatar"]
[BlackTeam "Namibia"]
[WhiteTeamCountry "QAT"]
[BlackTeamCountry "NAM"]

1. e4 c5 2. Nf3 d6 3. Bb5+ Nc6 4. c3 Nf6 5. Qe2 Bg4 6. 0-0 Bxf3 7. Qxf3 a6 8. Ba4 Qc7 9. Rd1 e5 10. Qe3 b5 11. Bc2 c4 12. d4 cxd3 13. Qxd3 Be7 14. Bg5 Rd8 15. Nd2 0-0 16. Nf1 Qb6 17. Ng3 Ng4 18. Qf3 Bxg5 19. Qxg4 Bf6 20. Nf5 Ne7 21. Nxd6 Rxd6 22. Qh3 Rfd8 23. Rd5 Nxd5 24. exd5 g6 0-1